Fuzzy Information and Engineering Volume 2

This book is the proceedings of the Third International Conference on Fuzzy Information and Engineering (ICFIE 2009) held in the famous mountain city Chongqing in Southwestern China, from September 26-29, 2009. Only high-quality papers are included. The ICFIE 2009, built on the success of previous c...

Full description

Bibliographic Details
Corporate Author: SpringerLink (Online service)
Other Authors: Cao, Bingyuan (Editor), Li, Tai-Fu (Editor), Zhang, Cheng-Yi (Editor)
Format: Electronic eBook
Language:English
Published: Berlin, Heidelberg : Springer Berlin Heidelberg, 2009.
Series:Advances in Intelligent and Soft Computing, 62
Subjects:
Online Access:Full Text via HEAL-Link
LEADER 02917nam a22005175i 4500
001 978-3-642-03664-4
003 DE-He213
005 20151125141706.0
007 cr nn 008mamaa
008 100301s2009 gw | s |||| 0|eng d
020 |a 9783642036644  |9 978-3-642-03664-4 
024 7 |a 10.1007/978-3-642-03664-4  |2 doi 
040 |d GrThAP 
050 4 |a TA329-348 
050 4 |a TA640-643 
072 7 |a TBJ  |2 bicssc 
072 7 |a MAT003000  |2 bisacsh 
082 0 4 |a 519  |2 23 
245 1 0 |a Fuzzy Information and Engineering Volume 2  |h [electronic resource] /  |c edited by Bingyuan Cao, Tai-Fu Li, Cheng-Yi Zhang. 
264 1 |a Berlin, Heidelberg :  |b Springer Berlin Heidelberg,  |c 2009. 
300 |a XXXV, 1754 p.  |b online resource. 
336 |a text  |b txt  |2 rdacontent 
337 |a computer  |b c  |2 rdamedia 
338 |a online resource  |b cr  |2 rdacarrier 
347 |a text file  |b PDF  |2 rda 
490 1 |a Advances in Intelligent and Soft Computing,  |x 1867-5662 ;  |v 62 
505 0 |a Fuzzy Information -- Fuzzy Sets and Systems -- Soft Computing -- Fuzzy Engineering -- Fuzzy Operation Research and Management -- Artificial Intelligence -- Fuzzy Mathematics and Systems in Applications. 
520 |a This book is the proceedings of the Third International Conference on Fuzzy Information and Engineering (ICFIE 2009) held in the famous mountain city Chongqing in Southwestern China, from September 26-29, 2009. Only high-quality papers are included. The ICFIE 2009, built on the success of previous conferences, the ICFIE 2007 (Guangzhou, China), is a major symposium for scientists, engineers and practitioners in the world to present their updated results, ideas, developments and applications in all areas of fuzzy information and engineering. It aims to strengthen relations between industry research laboratories and universities, and to create a primary symposium for world scientists in fuzzy fields as follows: Fuzzy Information; Fuzzy Sets and Systems; Soft Computing; Fuzzy Engineering; Fuzzy Operation Research and Management; Artificial Intelligence; Fuzzy Mathematics and Systems in Applications, etc. 
650 0 |a Engineering. 
650 0 |a Artificial intelligence. 
650 0 |a Applied mathematics. 
650 0 |a Engineering mathematics. 
650 1 4 |a Engineering. 
650 2 4 |a Appl.Mathematics/Computational Methods of Engineering. 
650 2 4 |a Artificial Intelligence (incl. Robotics). 
650 2 4 |a Applications of Mathematics. 
700 1 |a Cao, Bingyuan.  |e editor. 
700 1 |a Li, Tai-Fu.  |e editor. 
700 1 |a Zhang, Cheng-Yi.  |e editor. 
710 2 |a SpringerLink (Online service) 
773 0 |t Springer eBooks 
776 0 8 |i Printed edition:  |z 9783642036637 
830 0 |a Advances in Intelligent and Soft Computing,  |x 1867-5662 ;  |v 62 
856 4 0 |u http://dx.doi.org/10.1007/978-3-642-03664-4  |z Full Text via HEAL-Link 
912 |a ZDB-2-ENG 
950 |a Engineering (Springer-11647)